Statistics for Taylor Swift 65

Click here to take the quiz!

General Stats

  • This quiz has been taken 8 times
    (6 since last reset)
  • The average score is 207 of 340

Answer Stats

Answer% Correct
a
100%
I
100%
I'm
100%
it
100%
the
100%
you
100%
your
100%
and
80%
are
80%
be
80%
do
80%
he
80%
in
80%
is
80%
I've
80%
just
80%
knew
80%
know
80%
me
80%
my
80%
no
80%
not
80%
now
80%
of
80%
on
80%
so
80%
that
80%
there
80%
they
80%
they're
80%
was
80%
what
80%
when
80%
who
80%
been
60%
but
60%
by
60%
didn't
60%
for
60%
he'd
60%
how
60%
like
60%
moment
60%
one
60%
said
60%
should've
60%
to
60%
too
60%
with
60%
you'd
60%
about
40%
all
40%
as
40%
baby
40%
back
40%
down
40%
everyone
40%
face
40%
felt
40%
friends
40%
front
40%
got
40%
happy
40%
here
40%
hours
40%
looking
40%
make
40%
missing
40%
people
40%
really
40%
room
40%
say
40%
standing
40%
tears
40%
there's
40%
thing
40%
through
40%
waiting
40%
walk
40%
wanna
40%
would've
40%
align
20%
alone
20%
always
20%
apart
20%
around
20%
ask
20%
asking
20%
bathroom
20%
birthday
20%
burst
20%
called
20%
Christmas
20%
close
20%
comb
20%
door
20%
dress
20%
eye
20%
fall
20%
feeling
20%
follow
20%
glisten
20%
hall
20%
hopelessly
20%
impress
20%
later
20%
laughing
20%
lights
20%
lipstick
20%
little
20%
means
20%
memory
20%
million
20%
most
20%
motion
20%
party
20%
pass
20%
red
20%
right
20%
seem
20%
shining
20%
show
20%
singing
20%
sinking
20%
slow
20%
smile
20%
something
20%
sorry
20%
stars
20%
starts
20%
streaming
20%
ticking
20%
time
20%
try
20%
wrong
20%

Score Distribution

Percentile by Number Answered

Percent of People with Each Score

Your Score History

You have not taken this quiz since the last reset